Les six pays les plus proches - Madagascar - Statistiques

Statistiques générales
  • Ce quiz a été pris 146 fois
  • Le résultat moyen est 3 sur 6
Statistiques - réponses
km pays % Correct
389 Comores
75%
416 Mozambique
63%
802 Maurice
62%
1170 Afrique du Sud
53%
770 Tanzanie
39%
546 Malawi
17%
Aucun quiz correspondant
Distribution des résultats
% des personnes avec chaque résultat
Percentile par nombre de réponses
Votre historique - résultats
Vous n’avez pas pris ce quiz